Responses for Show #6595 - Friday, April 26, 2013

Contestants

[<< previous game]

Jody Carlson, a paralegal from Fairfax, Virginia

John Leavy, a programmer from Austin, Texas

George McAleese, a political researcher from Washington, D.C. (whose 1-day cash winnings total $27,201)

[next game >>]

Jeopardy! Round responses

I HAVE ISSUES
ABBREV. TV
AIRLINES
EUROPEAN LIT
ELEMENTS IN THE HUMAN BODY
SOUNDS LIKE A CLASSIC ARCADE GAME
    $200 23
hoarding

John
    $200 1
How I Met Your Mother

George
    $200 6
American

Jody
    $200 9
Candide

John
    $200 20
hydrogen and oxygen

Jody
    $200 14
asteroid

George
    $400 25
(Alex: But I'm not guilty.)

stalking

Jody
    $400 2
What Not To Wear

George
    $400 7
United

Jody
    $400 10
Anne Frank

John
    $400 21
carbon

Jody
    $400 15
joust

John
    $600 26
bite your nails

Jody
    $600 3
So You Think You Can Dance

Jody
    $600 8
Delta

John
    $600 11
Ibsen

George
    $600 22
phosphorus

Triple Stumper
    $600 16
centipede

John
    $800 27
malingering

John
    $800 4
America's Next Top Model

George
    $800 18
Southwest

Jody
    $800 12
romanticism

John
    $800 29
(John: What is iron?)

calcium

John
Triple Stumper
    $800 17
gauntlet

George
    $1000 28
a zealot

Triple Stumper
    $1000 5
Person of Interest

George
    $1000 19
US Airways

George
    $1,000 13
the Acropolis

John
    $1000 30
iron

John
    $1000 24
defender

Jody

Scores at the first commercial break (after clue 15):

George John Jody
$3,200 $3,400 $1,200

Scores at the end of the Jeopardy! Round:

George John Jody
$5,000 $5,200 $4,600

Double Jeopardy! Round responses

ROME, IF YOU WANT TO
ODD WORDS
ON BROADWAY 1913
SINGLE NAMED SINGERS
NATIVE AMERICAN TRIBES
CAVES
    $400 1
the Baths

John
    $400 3
to vote

Jody
    $400 6
Hamlet

George
    $400 27
Bono

John
    $400 7
Huron

George
    $400 14
New Zealand

John
    $800 2
the Tiber

Jody
    $800 4
the lede

George
    $800 28
(Jody: What is the Erie Canal?)

the Panama Canal

GeorgeJody
    $800 8
Eminem

George
    $800 18
the Sioux

Jody
    $800 16
Peking Man

John
    $1200 15
the Trevi Fountain

George
    $1200 5
lepers

John
    $1200 25
a dance

George
    $1200 9
Prince

George
    $1200 19
the Seminoles

Jody
    $1200 26
gypsum

John
    $1600 17
Nero

Jody
    $1600 12
jovial

George
    $1600 24
(Alex: And that performer's name is [*].)

Al Jolson

Triple Stumper
    $1600 10
(John: Who is Madonna?)

Seal

John
Triple Stumper
    $2,000 20
the Navajo

Jody
    $1600 29
Mammoth Cave

George
    $2000 22
(Alex: And that is the famous [*].)

Via Veneto

Triple Stumper
    $2000 13
gob

Jody
    $2000 23
the Ziegfeld Follies

John
    $2000 11
Bjork

Jody
    $2000 21
the Ute

John
    $3,000 30
the Caucasus

George

Scores at the end of the Double Jeopardy! Round:

George John Jody
$18,000 $12,000 $14,600

[wagering suggestions for these scores]

Final Jeopardy! Round responses

GREAT NOVELS
JohnWhat is Wuthering Heights?
$11,000
JodyWhat is Wuthering Heights?
$10,000
GeorgeWhat is Wuthering Heights
$11,201
Wuthering Heights

Final scores:

George John Jody
$29,201 $23,000 $24,600
2-day champion: $56,402 3rd place: $1,000 2nd place: $2,000

Game dynamics:

Coryat scores:

George John Jody
$17,000 $12,000 $14,200
19 R
(including 1 DD),
0 W
18 R
(including 1 DD),
2 W
17 R
(including 1 DD),
1 W

Combined Coryat: $43,200

[game clues] [game scores] [suggest correction]

Game tape date: 2012-12-05
The J! Archive is created by fans, for fans. Scraping, republication, monetization, and malicious use prohibited; this site may use cookies and collect identifying information. See terms. The Jeopardy! game show and all elements thereof, including but not limited to copyright and trademark thereto, are the property of Jeopardy Productions, Inc. and are protected under law. This website is not affiliated with, sponsored by, or operated by Jeopardy Productions, Inc. Join the discussion at JBoard.tv.